Lo que dicen las radios:una propuesta para analizar el discurso radiofónico /
El libro constituye una propuesta metodológica para analizar el discurso radiofónico: lo que dicen las radios. Analizar el discurso radiofónico es preguntarse de qué maneras los emisores construyen con palabras y sonidos una realidad que ofrecen a sus receptores hecha información, música, entretenim...
Na minha lista:
| Autor principal: | |
|---|---|
| Outros Autores: | |
| Formato: | Desconhecido |
| Idioma: | Spanish |
| Publicado em: |
Ecuador :
Asociación Latinoamericana de Educación Radiofónica,
|
| Assuntos: | |
| Tags: |
Adicionar Tag
Sem tags, seja o primeiro a adicionar uma tag!
|
MARC
| LEADER | 00000 a2200000 04500 | ||
|---|---|---|---|
| 001 | 39940 | ||
| 003 | cru CIDCACS/IIS | ||
| 005 | 20170823115655.0 | ||
| 008 | 050615s1993 ec spa d | ||
| 999 | |c 5061 |d 5061 | ||
| 020 | |a [sin ISBN] | ||
| 040 | |c cru CIDCACS/IIS | ||
| 090 | |a 0104 M425q | ||
| 100 | |a Mata, María Cristina | ||
| 245 | |a Lo que dicen las radios:una propuesta para analizar el discurso radiofónico / |c María Cristina Mata; Silvia Scarafía | ||
| 260 | |a Ecuador : |b Asociación Latinoamericana de Educación Radiofónica, | ||
| 300 | |a 213 páginas | ||
| 505 | |a El documento es una fotocopia | ||
| 520 | |a El libro constituye una propuesta metodológica para analizar el discurso radiofónico: lo que dicen las radios. Analizar el discurso radiofónico es preguntarse de qué maneras los emisores construyen con palabras y sonidos una realidad que ofrecen a sus receptores hecha información, música, entretenimiento, opinión, propaganda. Este tipo de análisis nos permite descubrir, a través de rastros o marcas, rasgos de sus productores y receptores, además es una práctica esencial para el conocimiento de la comunicación radiofónica, ya que permite objetivar, evaluar e incorporar instrumentos de análisis a la práctica. Este libro está destinado, a quienes sienten la necesidad de saber qué están diciendo a la sociedad desde radios con intencionalidad popular y educativa, y también lo que dicen las otras, pequeñas o grandes, que suenan por todas partes con distintos proyectos y características. El libro se divide en tres partes, en la primera se precisan algunos conceptos básicos, como discurso y comunicación, la segunda es de carácter teórico – metodológico, y se abordan dimensiones del discurso radiofónico tales como: lo que se dice, quienes hablan, y como se relacionan con sus destinatarios. Por último, en la tercera parte se detallan los procedimientos para desarrollar el análisis de acuerdo a las categorías explicadas anteriormente. KDV/230817 | ||
| 650 | |a RADIO | ||
| 650 | |a COMUNICACION | ||
| 650 | |a TECNICAS | ||
| 650 | |a DISCURSOS | ||
| 650 | 1 | 0 | |a IDEOLOGIAS |9 1428 |
| 650 | 1 | 0 | |a RADIO EDUCATIVA |9 2958 |
| 650 | 1 | 0 | |a RADIODIFUSIÓN |9 2957 |
| 700 | |a Scarafía, Silvia | ||
| 942 | |2 ddc |c LI | ||
